| 000 | 00335nam a2200133Ia 4500 | ||
|---|---|---|---|
| 008 | 150201s2006 xx 000 0 und d | ||
| 082 |
_a616.01 _bM06D |
||
| 100 | _aDEY,NC | ||
| 245 | _aMEDICAL BECTERIOLOGY AND MYCOLOGY | ||
| 250 | _a17TH | ||
| 260 |
_bNEW CENTRAL BOOK AGENCY _aKOLKATA _c2006 |
||
| 650 | _aMICROBIOLOGY | ||
| 942 |
_2ddc _cBK |
||
| 999 |
_c929 _d929 |
||